| 000 | 01088cam a22003494a 4500 | ||
|---|---|---|---|
| 001 | 13949457 | ||
| 003 | OSt | ||
| 005 | 20231010134320.0 | ||
| 008 | 050503s2005 stka 001 0 eng | ||
| 010 | _a 2005048427 | ||
| 020 | _a0443073368 | ||
| 035 | _a(DNLM)101247297 | ||
| 040 |
_aDNLM/DLC _cDLC _dDLC |
||
| 042 | _apcc | ||
| 050 | 0 | 0 |
_aRB111 _b.G68 2005 |
| 060 | 1 | 0 |
_aQZ 4 _bR357p 2005 |
| 082 | 0 | 0 |
_aQZ 4 R27p 2005 _222 |
| 100 | 1 |
_aReid, Robin; Roberts, Fiona; _91803 |
|
| 245 | 1 | 0 | _aPathology Illustrated |
| 250 | _a6th ed. | ||
| 260 |
_aEdinburgh; _bElsevier, _cc2005. |
||
| 300 |
_axii, 677 p. : _bill. ; _c25 cm. |
||
| 500 | _aIncludes index. | ||
| 500 | _aRev. ed. of: Pathology illustrated / Peter S. Macfarlane, Robin Reid, Robin Callander. 5th ed. 2000. | ||
| 650 | 0 |
_aPathology. _937 |
|
| 650 | 0 |
_aPathology _vAtlases. _91922 |
|
| 650 | 1 | 2 |
_aPathology. _937 |
| 906 |
_a7 _bcbc _corignew _d1 _eocip _f20 _gy-gencatlg |
||
| 942 |
_2z _cSLOAN |
||
| 999 |
_c723 _d723 |
||